01086cam a2200289 a 45000010008000000030004000080050017000120080041000290100017000700200020000870200018001070400019001250430012001440500044001560820019002001000025002192450072002442600051003163000026003674400049003935040064004426500032005066500030005388560072005688560087006408560069007272630670OSt20200617115554.0990713s2000 nyu b 001 0 eng  a 99027791  a0521563194 (hb) a9780521563192 aDLCcoclcdDLC aa-ii---00aDS436b.N47 1987 pt. 3, vol. 5aQ127.I400a954221bARN/S aArnold, Davidd1946-10aScience, technology, and medicine in colonial India /cDavid Arnold aNew York :bCambridge University Press,c2000. axii, 234 p. :c24 cm. 4aThe New Cambridge history of India ;vIII, 5 aIncludes bibliographical references (p. 214-216) and index. 0aTechnologyzIndiaxHistory. 0aMedicinezIndiaxHistory.413Sample textuhttp://www.loc.gov/catdir/samples/cam032/99027791.html423Publisher descriptionuhttp://www.loc.gov/catdir/description/cam0210/99027791.html4 3Table of Contentsuhttp://lcweb.loc.gov/catdir/toc/99027791.html